[Event "45 MFSz im. A.Rubinsteina - B"]
[Site "Polanica Zdroj"]
[Date "2009.08.21"]
[Round "4.8"]
[White "Mazalon, Mariusz"]
[Black "Jurkowski, Marcin"]
[Result "0-1"]
[WhiteElo "2167"]
[BlackElo "1984"]
[PlyCount "58"]
[EventDate "2009.??.??"]

1. d4 Nf6 2. Nf3 d5 3. c4 e6 4. Nc3 c6 5. e3 Bd6 6. Qc2 Nbd7 7. g4 O-O 8. Rg1
dxc4 9. Bxc4 e5 10. g5 Nd5 11. Bd2 exd4 12. Nxd4 Nb4 13. Qe4 Ne5 14. Be2 Re8
15. Qb1 Bb8 16. Ne4 Nd5 17. b4 Ng6 18. h4 Nxh4 19. Rh1 Ng6 20. Bd3 Be5 21. Ne2
Bxa1 22. Qxa1 Nxe3 23. Nf6+ gxf6 24. Bxg6 Ng2+ 25. Kf1 fxg6 26. gxf6 Qd5 27.
Rh2 Bg4 28. Nd4 Rad8 29. f3 Bxf3 0-1

[Event "45 MFSz im. A.Rubinsteina - B"]
[Site "Polanica Zdroj"]
[Date "2009.08.21"]
[Round "4.9"]
[White "Wasik, Piotr"]
[Black "Szadkowski, Kamil"]
[Result "0-1"]
[WhiteElo "1976"]
[BlackElo "2167"]
[PlyCount "58"]
[EventDate "2009.??.??"]

1. e4 c5 2. Nf3 Nc6 3. Bb5 g6 4. O-O Bg7 5. Re1 e6 6. Bxc6 bxc6 7. e5 Ne7 8. d3
f6 9. exf6 Bxf6 10. h4 O-O 11. h5 d6 12. hxg6 Nxg6 13. Nc3 e5 14. Bh6 Bg7 15.
Qd2 Rxf3 16. gxf3 Nh4 17. Qe3 Qf6 18. Bxg7 Qxg7+ 19. Kf1 Ng2 20. Ke2 Nxe3 21.
Kxe3 Bf5 22. Rg1 Bg6 23. Ne4 d5 24. Nxc5 Qe7 25. b4 Qf6 26. Rab1 Rf8 27. Rg3 e4
28. f4 Qxf4+ 29. Ke2 Qxf2+ 0-1

[Event "45 MFSz im. A.Rubinsteina - B"]
[Site "Polanica Zdroj"]
[Date "2009.08.21"]
[Round "4.10"]
[White "Skrzypczak, Anna"]
[Black "Skawinski, Arkadiusz"]
[Result "0-1"]
[WhiteElo "1959"]
[BlackElo "2153"]
[PlyCount "76"]
[EventDate "2009.??.??"]

1. e4 g6 2. d4 Bg7 3. Nc3 c6 4. Be3 d5 5. e5 Nh6 6. f4 O-O 7. Nf3 Bg4 8. Be2 f6
9. O-O Nd7 10. Qd2 Nf5 11. Nd1 Qb6 12. Bf2 Bh6 13. e6 Bxf3 14. Bxf3 Nb8 15. g4
Nd6 16. b3 Na6 17. Nb2 f5 18. g5 Bg7 19. c4 Qb4 20. Qxb4 Nxb4 21. cxd5 cxd5 22.
Rac1 Rac8 23. a3 Nc2 24. Bxd5 Nxd4 25. Rxc8 Rxc8 26. Nd3 Rc2 27. Rd1 Ne2+ 28.
Kf1 Nc3 29. Bf3 Nxd1 30. Bxd1 Rd2 31. Be2 Ne4 32. Bxa7 Nc3 33. Nc1 Rc2 34. Be3
Bd4 35. Bxd4 Rxc1+ 36. Kf2 Nxe2 37. Kxe2 Rc6 38. Kf3 Rxe6 0-1

[Event "45 MFSz im. A.Rubinsteina - B"]
[Site "Polanica Zdroj"]
[Date "2009.08.21"]
[Round "4.11"]
[White "Witek, Tomasz"]
[Black "Nowicki, Bartosz"]
[Result "1-0"]
[WhiteElo "2138"]
[BlackElo "1944"]
[PlyCount "69"]
[EventDate "2009.??.??"]

1. d4 f5 2. c4 Nf6 3. Nc3 e6 4. g3 d5 5. Nf3 c6 6. Bf4 Be7 7. Bg2 O-O 8. O-O b6
9. Ne5 Bb7 10. a3 Nbd7 11. b4 Rc8 12. Rc1 a6 13. Qb3 Nxe5 14. Bxe5 b5 15. c5
Nd7 16. Nb1 Nxe5 17. dxe5 Qc7 18. f4 a5 19. Nd2 Ra8 20. Nf3 Bc8 21. Nd4 Bd7 22.
g4 g6 23. h4 axb4 24. axb4 Qa7 25. h5 Qa3 26. hxg6 hxg6 27. gxf5 gxf5 28. Rb1
Ra4 29. Bf3 Qxb3 30. Rxb3 Bxc5 31. bxc5 Rxd4 32. Bh5 Be8 33. Rg3+ Kh7 34. Bxe8
Rxe8 35. Kg2 1-0

[Event "45 MFSz im. A.Rubinsteina - B"]
[Site "Polanica Zdroj"]
[Date "2009.08.21"]
[Round "4.12"]
[White "Klepaczka, Tomasz"]
[Black "Wielosz, Jaroslaw"]
[Result "1-0"]
[WhiteElo "2085"]
[BlackElo "1963"]
[PlyCount "87"]
[EventDate "2009.??.??"]

1. e4 c5 2. Nc3 Nc6 3. Nf3 e6 4. d4 cxd4 5. Nxd4 a6 6. g3 Qc7 7. Bg2 Nf6 8. O-O
Nxd4 9. Qxd4 Bc5 10. Bf4 d6 11. Qd2 h6 12. Rad1 e5 13. Be3 Bxe3 14. fxe3 Be6
15. Qxd6 Qxd6 16. Rxd6 Rd8 17. Rb6 Rd7 18. Nd5 Ng4 19. Bh3 h5 20. Rd1 O-O 21.
Rxe6 Rxd5 22. exd5 fxe6 23. Bxg4 hxg4 24. d6 Rd8 25. c4 a5 26. Kf2 Rd7 27. Ke2
Kf7 28. c5 Ke8 29. Kd3 b6 30. Ke4 bxc5 31. Kxe5 Rf7 32. Kxe6 Rf6+ 33. Kd5 Kd7
34. Kxc5 Rf2 35. e4 Rc2+ 36. Kd5 Rxb2 37. e5 Rb5+ 38. Ke4 Rb4+ 39. Kf5 Rb5 40.
Rc1 g6+ 41. Kf6 Rb2 42. Rc7+ Kd8 43. Ke6 Rxa2 44. Ra7 1-0

[Event "45 MFSz im. A.Rubinsteina - B"]
[Site "Polanica Zdroj"]
[Date "2009.08.21"]
[Round "4.13"]
[White "Wandzik, Wojciech"]
[Black "Gorecki, Janusz"]
[Result "1-0"]
[WhiteElo "2070"]
[BlackElo "1928"]
[PlyCount "59"]
[EventDate "2009.??.??"]

1. e4 e5 2. Nf3 Nc6 3. d4 exd4 4. Nxd4 Bc5 5. Be3 Qf6 6. Nb5 Bxe3 7. fxe3 Qd8
8. Qg4 Kf8 9. Qf4 d6 10. Bc4 Ne5 11. O-O Nf6 12. Bb3 Be6 13. N1c3 Bxb3 14. axb3
Ne8 15. Nd5 c6 16. Nd4 Qc8 17. Nc3 Qg4 18. Nf5 Qg6 19. Rad1 Qe6 20. Ne2 Ng6 21.
Qf3 Rd8 22. Ned4 Qf6 23. Qh3 Qe5 24. Nf3 Qxb2 25. Ng5 Nf6 26. Nxd6 Rxd6 27.
Qc8+ Ke7 28. Qc7+ Rd7 29. Rxd7+ Nxd7 30. Rxf7+ 1-0

[Event "45 MFSz im. A.Rubinsteina - B"]
[Site "Polanica Zdroj"]
[Date "2009.08.21"]
[Round "4.15"]
[White "Gromczak, Dariusz"]
[Black "Koscielny, Edmond"]
[Result "1-0"]
[WhiteElo "2057"]
[BlackElo "1900"]
[PlyCount "39"]
[EventDate "2009.??.??"]

1. e4 d6 2. d4 Nf6 3. Nc3 g6 4. Be2 Bg7 5. h4 c6 6. h5 O-O 7. Be3 b5 8. Bf3
Nbd7 9. Qd2 e5 10. O-O-O Re8 11. Bh6 Bh8 12. hxg6 fxg6 13. dxe5 dxe5 14. Qd6
Bb7 15. Bg5 Qe7 16. Bg4 Nb6 17. Qxe7 Rxe7 18. Rd6 Rf8 19. Be6+ Kg7 20. Bh6# 1-0

[Event "45 MFSz im. A.Rubinsteina - B"]
[Site "Polanica Zdroj"]
[Date "2009.08.21"]
[Round "4.16"]
[White "Ziebinski, Bartosz"]
[Black "Kacprzak, Robert"]
[Result "1/2-1/2"]
[WhiteElo "2045"]
[BlackElo "1906"]
[PlyCount "58"]
[EventDate "2009.??.??"]

1. e4 e5 2. Nf3 Nc6 3. Bb5 a6 4. Ba4 Nf6 5. d3 d6 6. c3 g6 7. Nbd2 Bg7 8. Nf1
b5 9. Bc2 d5 10. Qe2 Bb7 11. Ng3 O-O 12. h4 h5 13. Bg5 Qd6 14. O-O Ng4 15. Nh2
Nxh2 16. Kxh2 Rae8 17. Qd2 Nd8 18. Bb3 Ne6 19. exd5 Nxg5 20. Qxg5 Bxd5 21. Ne4
Bxe4 22. dxe4 Qf6 23. Qxf6 Bxf6 24. g3 Rd8 25. Rad1 Rxd1 26. Rxd1 Rd8 27. Rxd8+
Bxd8 28. Kg2 Kf8 29. Kf3 c6 1/2-1/2

[Event "45 MFSz im. A.Rubinsteina - B"]
[Site "Polanica Zdroj"]
[Date "2009.08.21"]
[Round "4.17"]
[White "Goluch, Piotr"]
[Black "Jarus, Grzegorz"]
[Result "1-0"]
[WhiteElo "2040"]
[BlackElo "1860"]
[PlyCount "33"]
[EventDate "2009.??.??"]

1. e4 Nf6 2. e5 Nd5 3. c4 Nb6 4. d4 d6 5. exd6 cxd6 6. Nc3 g6 7. Be3 Bg7 8. Rc1
O-O 9. Nf3 Bg4 10. Be2 Nc6 11. b3 Rc8 12. h3 Bxf3 13. Bxf3 e5 14. dxe5 Bxe5 15.
O-O a6 16. Qd2 Qc7 17. Nd5 1-0

[Event "45 MFSz im. A.Rubinsteina - B"]
[Site "Polanica Zdroj"]
[Date "2009.08.21"]
[Round "4.18"]
[White "Dzieczkaniec, Piotr"]
[Black "Warchol, Maria"]
[Result "1-0"]
[WhiteElo "2031"]
[BlackElo "1834"]
[PlyCount "33"]
[EventDate "2009.??.??"]

1. Nc3 d5 2. e4 e6 3. Nf3 Bb4 4. exd5 Bxc3 5. dxc3 exd5 6. Bg5 f6 7. Be3 Ne7 8.
Bd3 O-O 9. Qd2 b6 10. O-O-O Bb7 11. h4 c5 12. c4 d4 13. Bf4 a6 14. Rhe1 Nbc6
15. Qe2 Re8 16. Bxh7+ Kh8 17. Ng5 1-0

[Event "45 MFSz im. A.Rubinsteina - B"]
[Site "Polanica Zdroj"]
[Date "2009.08.21"]
[Round "4.19"]
[White "Skiba, Marta"]
[Black "Borowicz, Przemyslaw"]
[Result "1-0"]
[WhiteElo "1729"]
[BlackElo "2009"]
[PlyCount "47"]
[EventDate "2009.??.??"]

1. e4 c6 2. d4 d5 3. exd5 cxd5 4. c4 Nf6 5. Nc3 e6 6. Nf3 Nc6 7. Bg5 Be7 8. a3
O-O 9. Bd3 h6 10. Bc1 dxc4 11. Bxc4 b6 12. O-O Bb7 13. Bd3 Nd5 14. Bc2 Nf6 15.
Re1 a6 16. Qd3 Qd6 17. Ne4 Nxe4 18. Qxe4 g6 19. Bxh6 Rfd8 20. Rad1 Na5 21. Qg4
Bf8 22. Ne5 Bxh6 23. Nxf7 Qf4 24. Qxg6+ 1-0

[Event "45 MFSz im. A.Rubinsteina - B"]
[Site "Polanica Zdroj"]
[Date "2009.08.21"]
[Round "4.20"]
[White "Spyra, Wojciech"]
[Black "Pyrowicz, Jacek"]
[Result "1-0"]
[WhiteElo "2000"]
[BlackElo "860"]
[PlyCount "52"]
[EventDate "2009.??.??"]

1. e4 c6 2. Nc3 d5 3. Nf3 Bg4 4. h3 Bxf3 5. Qxf3 d4 6. Ne2 e5 7. Ng3 g6 8. Bc4
Qf6 9. Qb3 b5 10. Be2 Nd7 11. c3 Nc5 12. Qc2 Ne6 13. a4 d3 14. Bxd3 Bc5 15. O-O
Qh4 16. Ne2 Ng5 17. b4 Bb6 18. a5 Bc7 19. c4 Nh6 20. cxb5 O-O 21. bxc6 Ne6 22.
Bc4 Nf4 23. Qb3 Rab8 24. b5 Kg7 25. Qg3 Nxe2+ 26. Bxe2 Qe7 {
%02 zapis nie czytelny} 1-0

[Event "45 MFSz im. A.Rubinsteina - B"]
[Site "Polanica Zdroj"]
[Date "2009.08.21"]
[Round "4.21"]
[White "Cukrowski, Filip"]
[Black "Betkowski, Andrzej"]
[Result "1/2-1/2"]
[WhiteElo "1854"]
[BlackElo "2184"]
[PlyCount "58"]
[EventDate "2009.??.??"]

1. e4 e6 2. d4 d5 3. Nc3 Bb4 4. e5 c5 5. a3 Bxc3+ 6. bxc3 Ne7 7. Qg4 Kf8 8. Bd2
Qc7 9. Bd3 Nbc6 10. Nf3 h6 11. O-O Nf5 12. Rfe1 c4 13. Bf1 Nce7 14. h4 Bd7 15.
a4 h5 16. Qg5 Ng6 17. g3 Kg8 18. Bh3 Rh6 19. Kh1 Rf8 20. Bxf5 exf5 21. Ng1 Re8
22. Nh3 Nf8 23. Qf4 Rg6 24. e6 Qxf4 25. Nxf4 Rgxe6 26. Nxe6 fxe6 27. Reb1 Bc6
28. a5 Nd7 29. Kg1 Kf7 1/2-1/2

[Event "45 MFSz im. A.Rubinsteina - B"]
[Site "Polanica Zdroj"]
[Date "2009.08.21"]
[Round "4.22"]
[White "Lukasiewicz, Aleksander"]
[Black "Wiewiora, Eneasz"]
[Result "1/2-1/2"]
[WhiteElo "1852"]
[BlackElo "2056"]
[PlyCount "93"]
[EventDate "2009.??.??"]

1. e4 d5 2. exd5 Nf6 3. d4 Bg4 4. f3 Bf5 5. Bb5+ Nbd7 6. c4 a6 7. Bxd7+ Qxd7 8.
Ne2 e6 9. dxe6 fxe6 10. O-O O-O-O 11. Be3 h5 12. Nbc3 h4 13. Qa4 Qxa4 14. Nxa4
Bd3 15. Rf2 Bxc4 16. Nc5 Be7 17. Ne4 h3 18. g3 b6 19. b3 Bd5 20. Ng5 Rde8 21.
Nf4 Bd6 22. Rc1 Kb7 23. Nf7 Rh7 24. Ng5 Rhh8 25. Rfc2 Rc8 26. Nf7 Rhf8 27.
Nxd6+ cxd6 28. Rxc8 Rxc8 29. Rxc8 Kxc8 30. Kf2 a5 31. Nxd5 Nxd5 32. Bd2 Kb7 33.
g4 Ka6 34. a4 b5 35. axb5+ Kxb5 36. Kg3 a4 37. bxa4+ Kxa4 38. Kxh3 Kb3 39. Be1
Nf4+ 40. Kg3 Ne2+ 41. Kf2 Nxd4 42. h4 Kc4 43. h5 e5 44. Bd2 Kd5 45. Bc3 Ne6 46.
Ke3 Nf4 47. Bd2 1/2-1/2

[Event "45 MFSz im. A.Rubinsteina - B"]
[Site "Polanica Zdroj"]
[Date "2009.08.21"]
[Round "4.23"]
[White "Musialkiewicz, Pawel"]
[Black "Wolski, Jerzy"]
[Result "1-0"]
[WhiteElo "1838"]
[BlackElo "1993"]
[PlyCount "77"]
[EventDate "2009.??.??"]

1. d4 e6 2. c4 c5 3. d5 e5 4. e4 d6 5. Nc3 f5 6. exf5 Bxf5 7. Bd3 Bxd3 8. Qxd3
Nf6 9. Nge2 Qd7 10. Ng3 Na6 11. Bg5 Nb4 12. Qe2 Qg4 13. Bxf6 Qxe2+ 14. Kxe2
gxf6 15. Rac1 Bh6 16. a3 Bxc1 17. Rxc1 Na6 18. Nce4 Kd7 19. Nf5 Raf8 20. Nexd6
Rhg8 21. g3 b6 22. Nb5 Rg5 23. Ne3 Ra8 24. d6 h5 25. Rd1 Rg6 26. Nd5 f5 27.
Ndc7 Nxc7 28. dxc7+ Kc6 29. Rd8 Rg8 30. c8=Q+ Rxc8 31. Rxc8+ Rxc8 32. Nxa7+ Kc7
33. Nxc8 Kxc8 34. Ke3 Kd7 35. f3 Kc6 36. h3 Kd6 37. g4 fxg4 38. fxg4 hxg4 39.
hxg4 1-0

[Event "45 MFSz im. A.Rubinsteina - B"]
[Site "Polanica Zdroj"]
[Date "2009.08.21"]
[Round "4.24"]
[White "Malec, Robert"]
[Black "Bes, Michal"]
[Result "0-1"]
[WhiteElo "1810"]
[BlackElo "1983"]
[PlyCount "128"]
[EventDate "2009.??.??"]

1. e4 Nf6 2. e5 Nd5 3. c4 Nb6 4. d4 d6 5. exd6 cxd6 6. Nc3 g6 7. Be3 Bg7 8. Rc1
O-O 9. c5 dxc5 10. dxc5 N6d7 11. Qd2 Nc6 12. Nf3 b6 13. Bb5 Bb7 14. b4 bxc5 15.
bxc5 Qa5 16. Bxc6 Bxc6 17. Ne2 Qc7 18. Ned4 Bxf3 19. Nxf3 Rfd8 20. O-O Rac8 21.
Qc2 Nf6 22. Rfd1 Nd5 23. Bd4 e5 24. Ba1 f6 25. Qc4 Qc6 26. Nd2 Kh8 27. Nb3 Nf4
28. f3 Bf8 29. Rxd8 Rxd8 30. Bb2 Rd5 31. Ba3 Ne6 32. Bb4 Kg7 33. Kf2 Be7 34.
Na5 Bxc5+ 35. Bxc5 Qxc5+ 36. Qxc5 Nxc5 37. Ke2 Ne6 38. Nc6 Nf4+ 39. Kf1 Rd2 40.
Nxa7 Rxa2 41. Rc7+ Kh6 42. g3 Nh3 43. Rf7 Ng5 44. Rxf6 Rxa7 45. h4 Nf7 46. Kf2
Kg7 47. Rb6 Re7 48. g4 Nd8 49. Ke3 Ne6 50. Ke4 Nf4 51. Rb5 Ng2 52. Rxe5 Rxe5+
53. Kxe5 Nxh4 54. f4 Nf3+ 55. Ke6 Nd4+ 56. Ke5 Nc6+ 57. Ke6 Nd8+ 58. Ke5 Kf7
59. f5 g5 60. Ke4 Kf6 61. Kd4 Nf7 62. Ke4 Nd6+ 63. Kf3 Nxf5 64. gxf5 Kxf5 0-1

[Event "45 MFSz im. A.Rubinsteina - B"]
[Site "Polanica Zdroj"]
[Date "2009.08.21"]
[Round "4.25"]
[White "Bednarski, Dawid"]
[Black "Galyga, Jozef"]
[Result "1-0"]
[WhiteElo "1799"]
[BlackElo "1956"]
[PlyCount "125"]
[EventDate "2009.??.??"]

1. e4 e6 2. d4 d5 3. exd5 exd5 4. Bd3 Nc6 5. c3 Bd6 6. h3 Nge7 7. Bg5 Be6 8.
Ne2 Qd7 9. b4 h6 10. Bf4 Ng6 11. Bxd6 Qxd6 12. Nd2 Nce7 13. Nf3 O-O 14. O-O a5
15. a3 Bf5 16. Re1 Qf6 17. Bxf5 Nxf5 18. Qd2 Nd6 19. Qd3 Rfe8 20. Nd2 Re6 21.
bxa5 Rxa5 22. c4 dxc4 23. Nxc4 Nxc4 24. Qxc4 c6 25. a4 Qe7 26. Qc3 Rd5 27. Ng3
Rxe1+ 28. Rxe1 Qd7 29. Qb2 Rxd4 30. Nf5 c5 31. Nxd4 cxd4 32. Qb5 Qc7 33. Qd3
Qd7 34. Qe4 Qxa4 35. Qe8+ Qxe8 36. Rxe8+ Kh7 37. g3 h5 38. Kf1 h4 39. Ke2 hxg3
40. fxg3 f6 41. Kd3 Ne5+ 42. Kxd4 Nf3+ 43. Ke3 Ng5 44. h4 Nf7 45. Re7 Ne5 46.
Rxb7 Kh6 47. Kf4 Kh7 48. g4 Ng6+ 49. Kg3 Kh6 50. Rb5 Ne7 51. Rb8 Kh7 52. Re8
Ng6 53. h5 Nh8 54. Rf8 g6 55. Rxf6 gxh5 56. gxh5 Kg7 57. Ra6 Nf7 58. Kh4 Kh7
59. Ra7 Kg8 60. Kg4 Nh6+ 61. Kg5 Nf7+ 62. Kf6 Nh6 63. Kg6 1-0

[Event "45 MFSz im. A.Rubinsteina - B"]
[Site "Polanica Zdroj"]
[Date "2009.08.21"]
[Round "4.27"]
[White "Blaszkiewicz, Mateusz"]
[Black "Szolc, Grzegorz"]
[Result "1-0"]
[WhiteElo "1898"]
[BlackElo "1644"]
[PlyCount "37"]
[EventDate "2009.??.??"]

1. e4 c5 2. Nf3 e6 3. d4 cxd4 4. Nxd4 a6 5. c4 Nf6 6. Bd3 d6 7. O-O Be7 8. Nc3
O-O 9. Be3 Nbd7 10. Rc1 Qc7 11. f4 b6 12. b4 Bb7 13. g4 Rfd8 14. g5 Ne8 15. Qg4
g6 16. Nxe6 Qc6 17. Nxd8 Rxd8 18. Nd5 Bf8 19. Rf3 1-0

[Event "45 MFSz im. A.Rubinsteina - B"]
[Site "Polanica Zdroj"]
[Date "2009.08.21"]
[Round "4.28"]
[White "Szusterowski, Przemyslaw"]
[Black "Graczyk, Damian"]
[Result "1/2-1/2"]
[WhiteElo "1750"]
[BlackElo "1890"]
[PlyCount "90"]
[EventDate "2009.??.??"]

1. e4 c6 2. d4 d5 3. exd5 cxd5 4. c4 Nf6 5. Nc3 Nc6 6. Nf3 Bg4 7. Be3 e6 8. Be2
dxc4 9. Bxc4 Be7 10. O-O O-O 11. Be2 Rc8 12. h3 Bh5 13. Rc1 Nd5 14. Nxd5 Qxd5
15. Bc4 Qd8 16. a3 a6 17. d5 Ne5 18. Ba2 Rxc1 19. Bxc1 Nxf3+ 20. gxf3 e5 21.
Qd3 Bg6 22. Qe2 Bd6 23. Qc4 Qd7 24. Qh4 Rc8 25. Bb3 h5 26. Kg2 Qf5 27. Qg5 Qd7
28. Qh4 Kh7 29. Bd2 f5 30. f4 Qb5 31. Bd1 Qxd5+ 32. Bf3 Qxd2 33. Rd1 Qxf4 34.
Qxf4 exf4 35. Rxd6 Rc7 36. Rb6 Bf7 37. Rxb7 Rxb7 38. Bxb7 Bc4 39. Bc8 Kg6 40.
b4 Kf6 41. a4 g5 42. f3 Ke5 43. Bd7 Be6 44. Bc6 Bd5 45. Bd7 h4 1/2-1/2

[Event "45 MFSz im. A.Rubinsteina - B"]
[Site "Polanica Zdroj"]
[Date "2009.08.21"]
[Round "4.29"]
[White "Eggink, Mateusz"]
[Black "Gola, Karolina"]
[Result "1-0"]
[WhiteElo "1756"]
[BlackElo "1908"]
[PlyCount "77"]
[EventDate "2009.??.??"]

1. e4 c5 2. Nf3 e6 3. d4 cxd4 4. Nxd4 a6 5. Be3 Qc7 6. Qd2 Nf6 7. Bd3 d5 8. f3
dxe4 9. fxe4 Bd6 10. Nc3 O-O 11. Nde2 Nbd7 12. h3 Nc5 13. O-O Rd8 14. Bd4 Be5
15. Bxe5 Qxe5 16. Qe3 b5 17. b4 Ncd7 18. a4 bxa4 19. Rxa4 Bb7 20. Ra5 Qc7 21.
Rfa1 Qb6 22. Qxb6 Nxb6 23. Bxa6 Bxe4 24. Nxe4 Nxe4 25. Bb7 Rxa5 26. bxa5 Nc5
27. axb6 Nxb7 28. Ra7 Rb8 29. Nd4 Nd8 30. c4 e5 31. Nb5 Kf8 32. c5 Ne6 33. Nd6
Nxc5 34. Rxf7+ Kg8 35. Rc7 Ne6 36. Re7 Rxb6 37. Rxe6 h6 38. Re8+ Kh7 39. Nf7 {
i biale zrealizowaly przewage...} 1-0

[Event "45 MFSz im. A.Rubinsteina - B"]
[Site "Polanica Zdroj"]
[Date "2009.08.21"]
[Round "4.30"]
[White "Gabrys, Sebastian"]
[Black "Szczurek, Natalia"]
[Result "1/2-1/2"]
[WhiteElo "1877"]
[BlackElo "1738"]
[PlyCount "67"]
[EventDate "2009.??.??"]

1. e4 c5 2. Nf3 e6 3. d4 cxd4 4. Nxd4 a6 5. Nc3 b5 6. Bd3 Bb7 7. O-O d6 8. f4
Qc7 9. f5 Qc5 10. fxe6 Qxd4+ 11. Kh1 Kd8 12. Rxf7 Be7 13. Qf3 Nf6 14. Be3 Qe5
15. Bb6+ Ke8 16. Qh3 b4 17. Ne2 Nc6 18. Ng3 g6 19. Rf1 Bc8 20. Bc4 Rb8 21. Be3
Nd8 22. Bf4 Qd4 23. Rxe7+ Kxe7 24. Bg5 Bxe6 25. Bxe6 Rf8 26. Bb3 h5 27. Ba4 Nc6
28. Be3 Qxb2 29. Ne2 Ng4 30. Qh4+ Rf6 31. Bc1 Qe5 32. Nf4 g5 33. Qxh5 gxf4 34.
Qxg4 1/2-1/2

[Event "45 MFSz im. A.Rubinsteina - B"]
[Site "Polanica Zdroj"]
[Date "2009.08.21"]
[Round "4.31"]
[White "Korcz, Daniel"]
[Black "Karcz, Bartlomiej"]
[Result "1/2-1/2"]
[WhiteElo "1743"]
[BlackElo "1836"]
[PlyCount "154"]
[EventDate "2009.??.??"]

1. e4 e5 2. Nf3 Nc6 3. Bc4 Nf6 4. d3 Bc5 5. O-O O-O 6. c3 d6 7. b4 Bb6 8. Bg5
Be6 9. Nbd2 a6 10. Re1 Qe7 11. Qc2 Rad8 12. Rad1 h6 13. Be3 Bxe3 14. fxe3 d5
15. exd5 Nxd5 16. Ne4 Kh8 17. a3 f5 18. Nc5 Bc8 19. e4 fxe4 20. Nxe4 Bg4 21.
Bxd5 Bxf3 22. gxf3 Rxd5 23. Qg2 Qh4 24. Qg4 Qd8 25. Nc5 Rf4 26. Qg3 Qf6 27. Kf2
g5 28. h3 Qf5 29. Re4 b6 30. Nxa6 Rxd3 31. Qxf4 exf4 32. Rxd3 Qxh3 33. Nxc7
Qh2+ 34. Ke1 Qg1+ 35. Kd2 Qg2+ 36. Re2 Qh3 37. Ne8 Qf5 38. Rd6 Ne5 39. Rxh6+
Kg8 40. Nf6+ Kg7 41. Rxe5 Qxe5 42. Ng4 Qd5+ 43. Ke2 Qc4+ 44. Kd2 Qf1 45. Rxb6
Qxf3 46. Rg6+ Kf8 47. Rxg5 Qg2+ 48. Kd3 f3 49. Rf5+ Ke7 50. Ne3 Qe2+ 51. Kd4
Qd2+ 52. Ke4 f2 53. b5 Qe1 54. a4 Ke6 55. Re5+ Kf6 56. Rf5+ Kg6 57. Rf4 Qh1+
58. Kd4 Qh2 59. Ke4 Kg5 60. Rf5+ Kg6 61. Rf6+ Kg7 62. Rf4 Qh1+ 63. Kd4 Qh2 64.
Ke4 Qh1+ 65. Kd4 Qh2 66. Rf5 Qh4+ 67. Kd3 Qxa4 68. Rxf2 Qxb5+ 69. c4 Qd7+ 70.
Nd5 Qa7 71. Rf6 Qc5 72. Kc3 Qxd5 73. Rg6+ Kxg6 74. cxd5 Kf6 75. Kc4 Ke7 76. Kc5
Kd7 77. d6 Kd8 1/2-1/2

[Event "45 MFSz im. A.Rubinsteina - B"]
[Site "Polanica Zdroj"]
[Date "2009.08.21"]
[Round "4.32"]
[White "Chmielewska, Joanna"]
[Black "Pac, Maciej"]
[Result "1/2-1/2"]
[WhiteElo "1713"]
[BlackElo "1830"]
[PlyCount "84"]
[EventDate "2009.??.??"]

1. e4 c5 2. Nf3 d6 3. d4 cxd4 4. Nxd4 Nf6 5. Nc3 a6 6. f4 e5 7. Nf3 Nc6 8. Bd3
Be7 9. O-O O-O 10. Kh1 b5 11. a3 Bb7 12. Qe1 b4 13. Nd5 bxa3 14. Nxe7+ Qxe7 15.
Rxa3 Rfe8 16. fxe5 Nxe5 17. Nh4 Nxd3 18. cxd3 d5 19. Nf5 Qe5 20. Rb3 Bc8 21.
Bf4 Qe6 22. Nd6 Re7 23. Rb6 Nd7 24. Nxc8 Nxb6 25. Nxe7+ Qxe7 26. Qf2 Qe6 27.
Bc7 Nd7 28. Qd4 dxe4 29. dxe4 Rc8 30. Ba5 Ne5 31. Bc3 f6 32. Rd1 Kf7 33. Qa7+
Kg6 34. Qf2 Ng4 35. Qf3 Re8 36. h3 Ne5 37. Qg3+ Kf7 38. Rd5 Nc6 39. Qc7+ Ne7
40. Rd4 Qc6 41. Qf4 Ng6 42. Qf5 Re7 1/2-1/2

[Event "45 MFSz im. A.Rubinsteina - B"]
[Site "Polanica Zdroj"]
[Date "2009.08.21"]
[Round "4.33"]
[White "Kowara, Magdalena"]
[Black "Grochocinska, Urszula"]
[Result "0-1"]
[WhiteElo "1826"]
[BlackElo "1711"]
[PlyCount "90"]
[EventDate "2009.??.??"]

1. e4 e5 2. Nf3 Nc6 3. Bb5 a6 4. Ba4 Nf6 5. O-O b5 6. Bb3 Bc5 7. c3 d6 8. h3 h6
9. Re1 O-O 10. a4 Rb8 11. d3 Bb6 12. Nbd2 Ne7 13. Nf1 Ng6 14. axb5 axb5 15. Ng3
Re8 16. Bd2 Nf4 17. Bxf4 exf4 18. Ne2 g5 19. Nfd4 Bd7 20. Kh2 Qc8 21. Rf1 c5
22. Nf3 c4 23. Bc2 Bc7 24. dxc4 bxc4 25. Qd4 Qd8 26. Ra2 Bc6 27. g3 Bxe4 28.
Bxe4 Rxe4 29. Qd1 fxg3+ 30. Nxg3 d5 31. Kg2 Re8 32. Nf5 Kh7 33. Qc2 Ne4 34.
N3d4 Kh8 35. f3 Nd6 36. Ra7 Nxf5 37. Nxf5 Rb6 38. Rfa1 Rbe6 39. Kf1 Rf6 40.
R7a6 Bb6 41. Nd4 Bxd4 42. cxd4 Rxf3+ 43. Kg2 Rf6 44. Qa4 Re2+ 45. Kg1 Qc7 0-1

[Event "45 MFSz im. A.Rubinsteina - B"]
[Site "Polanica Zdroj"]
[Date "2009.08.21"]
[Round "4.34"]
[White "Klimek, Marcin"]
[Black "Labuda, Michal"]
[Result "0-1"]
[WhiteElo "1701"]
[BlackElo "1816"]
[PlyCount "82"]
[EventDate "2009.??.??"]

1. e4 c5 2. Nf3 d6 3. c4 Nc6 4. d4 cxd4 5. Nxd4 Nf6 6. Nc3 g6 7. Be2 Bg7 8. Be3
O-O 9. O-O a6 10. Rc1 Ne5 11. f3 Rb8 12. Qd2 Be6 13. b3 Nc6 14. h3 Ne8 15. f4
Bd7 16. a4 Nc7 17. Nxc6 bxc6 18. Rb1 Ne6 19. f5 Nc5 20. Bxc5 dxc5 21. Nd1 Qc7
22. Bg4 Rfd8 23. Qf2 Bd4 24. Ne3 Be8 25. Kh1 Qa5 26. Qf4 Qd2 27. Nd5 Qxf4 28.
Nxf4 Be5 29. Ne2 h5 30. Bf3 Rd2 31. Ng1 a5 32. Rfd1 Rd4 33. Rdc1 Rd3 34. Bd1
Bf4 35. Bc2 Rc3 36. Rf1 Rxc2 37. Rxf4 Rxc4 38. Rbf1 Rxb3 39. fxg6 f6 40. Nf3
Rbb4 41. Ng5 Bxg6 0-1

[Event "45 MFSz im. A.Rubinsteina - B"]
[Site "Polanica Zdroj"]
[Date "2009.08.21"]
[Round "4.35"]
[White "Ziemba, Artur"]
[Black "Stepniewski, Jerzy"]
[Result "1-0"]
[WhiteElo "1638"]
[BlackElo "1814"]
[PlyCount "75"]
[EventDate "2009.??.??"]

1. e4 g6 2. d4 Bg7 3. Nc3 d6 4. Be3 Nd7 5. Qd2 c6 6. O-O-O Nb6 7. h3 h5 8. f4
d5 9. e5 Nh6 10. Be2 Nf5 11. Bf2 e6 12. Nf3 h4 13. Rdg1 Bd7 14. Nd1 a5 15. Ne3
Nxe3 16. Qxe3 Bf8 17. Bd3 Nc4 18. Qe1 Qb6 19. Bxc4 dxc4 20. c3 a4 21. a3 Qb3
22. Qd2 Be7 23. Qc2 Qb5 24. Qe2 Qd5 25. Rd1 b5 26. Qe1 b4 27. cxb4 Rb8 28. Rg1
Bc8 29. Qc3 Ba6 30. Nd2 Bb5 31. Kb1 Kd7 32. Rc1 g5 33. Qe3 gxf4 34. Qxf4 Rbg8
35. Nf3 Ke8 36. Bxh4 Bxh4 37. Nxh4 c3 38. Rxc3 1-0

[Event "45 MFSz im. A.Rubinsteina - B"]
[Site "Polanica Zdroj"]
[Date "2009.08.21"]
[Round "4.36"]
[White "Wrzalek, Piotr"]
[Black "Prazmowski, Bartosz"]
[Result "0-1"]
[WhiteElo "1600"]
[BlackElo "1807"]
[PlyCount "58"]
[EventDate "2009.??.??"]

1. e4 c6 2. d4 d5 3. Nc3 dxe4 4. Nxe4 Bf5 5. Ng3 Bg6 6. Nh3 e6 7. Nf4 Bd6 8. h4
Qc7 9. h5 Bxc2 10. Qg4 Bb4+ 11. Bd2 Qa5 12. Qxg7 Bxd2+ 13. Ke2 Bxf4 14. Qxh8
Qg5 15. h6 Qg6 16. Ke1 Nd7 17. Qg7 O-O-O 18. Qxg6 fxg6 19. Bc4 e5 20. Ne2 Bg5
21. dxe5 Nxe5 22. Be6+ Kc7 23. f4 Nd3+ 24. Kd2 Nb4+ 25. Kc3 Rd3+ 26. Kxb4 Be7+
27. Ka5 Kb8 28. Bxg8 b6+ 29. Ka6 Ra3+ 0-1

[Event "45 MFSz im. A.Rubinsteina - B"]
[Site "Polanica Zdroj"]
[Date "2009.08.21"]
[Round "4.37"]
[White "Ostalska, Natalia"]
[Black "Kozera, Aleksandra"]
[Result "0-1"]
[WhiteElo "1530"]
[BlackElo "1788"]
[PlyCount "114"]
[EventDate "2009.??.??"]

1. e4 e6 2. d4 d5 3. e5 c5 4. dxc5 Nc6 5. Nf3 Bxc5 6. Bd3 Nge7 7. O-O Ng6 8.
Qe2 Bd7 9. c3 Rc8 10. Nbd2 O-O 11. Nb3 Bb6 12. Be3 Bxe3 13. Qxe3 Qc7 14. Rfe1
a6 15. Bxg6 fxg6 16. Nbd4 Nxd4 17. Nxd4 b5 18. h4 Qc4 19. Qe2 b4 20. Qxc4 Rxc4
21. Re3 bxc3 22. bxc3 Rfc8 23. Rb1 Rxc3 24. Rxc3 Rxc3 25. Rb6 Ra3 26. Rb8+ Kf7
27. Rb7 Ke8 28. Rb8+ Ke7 29. Rb7 Rc3 30. Ra7 Rc4 31. Nb3 Rc6 32. Na5 Rc1+ 33.
Kh2 Rc2 34. Kg3 d4 35. Rxa6 d3 36. Nb3 Bc6 37. Ra7+ Ke8 38. Rc7 Kd8 39. Rxg7 d2
40. Nxd2 Rxd2 41. Rxh7 Rxa2 42. f3 Re2 43. h5 Rxe5 44. h6 Rh5 45. Kf4 Rf5+ 46.
Kg4 Rh5 47. Kf4 e5+ 48. Kg3 Bd5 49. Kf2 Ke8 50. g4 Rh3 51. Kg2 Rxf3 52. Kh2 Be6
53. Ra7 Bxg4 54. h7 Rh3+ 55. Kg2 Kf8 56. Ra8+ Kg7 57. Ra7+ Kf6 0-1